| 000 | 01291nam0a22002771 4500 | ||
|---|---|---|---|
| 001 | rc\2776481 | ||
| 005 | 20260406134123.0 | ||
| 035 | _a(NLR Aleph) 006902768 | ||
| 090 |
_a7265046 _c7265046 |
||
| 100 | _a20110915d1941 u y0rusy50 ca | ||
| 101 | 0 | _arus | |
| 102 | _aRU | ||
| 105 | _ay z ||||| | ||
| 200 | 1 |
_aПравила приема в геолого-разведочные техникумы Комитета по делам геологии при СНК СССР и программы приемных испытаний _fКомитет по делам геологии при СНК СССР. Сектор учеб. заведений |
|
| 210 |
_aМосква _aЛенинград _cГос. изд-во геол. литературы Комитета по делам геологии при СНК СССР _d1941 |
||
| 215 |
_a24 с. _d22 см. |
||
| 300 | _aНапеч. в Москве | ||
| 300 | _aБез тит. л. Описано по обл. | ||
| 710 | 0 | 1 |
_aСССР _bКомитет по делам геологии _3RU\NLR\AUTH\889917187 _9330545 |
| 801 | 0 |
_aRU _bNLR _gpsbo |
|
| 801 | 1 |
_aRU _bELAR _2rusmarc |
|
| 852 |
_aNLR _jПр30 Г-6/66 |
||
| 942 | _cBOOK | ||
| 945 | _aРоссийская национальная библиотека | ||
| 980 | _aNB | ||
| 980 | _aBV | ||